000 00711nam a22002537a 4500
003 UA-OsUOA
001 107411
007 ta
008 20140808b un ||||| |||| 00| 0 ukr d
100 _aГалимов О. Х.
090 _a343.14
_bГ15
942 _cBK
040 _aUA-OsUOA
_brus
_cUA-OsUOA
_dUA-OsUOA
245 _aМалолетние лица в уголовном судопроизводстве
300 _a224 с.
955 _a2
041 _arus
080 _a343.14
020 _a5-318-00139-4
591 _aСамолюк В. В.
260 _aСПб
_bПитер
_c2001
650 7 _a343 Кримінальне право. Карні порушення
_2UDC
999 _c393603
_d393603